01190nam a22002537a 450000500170000000800410001702000150005804000070007304100080008008200220008810000200011024500510013026000290018130000260021036500240023652005100026065000200077065000220079065000430081265000110085570000220086670000240088870000240091220211206092328.0211206b ||||| |||| 00| 0 eng d a8173041479 cAL aeng 223a355.033bTANS aGeorge K Tanham aSecuring India: Strategic Thought and Practice aNew DelhibManoharc1996 a232 p.bHBc22x15 cm. b350.00c₹d350.00 aThis volume contains George K. Tanham's RAND essay, 'Indian Strategic Thought', the sequel essay, 'Indian Strategy in Flux?' and commentaries by five Indian scholars. In the past, strategic thought has been dominated by the West and the former Soviet Union. In the coming years new powers, including India, will matter greatly. It is essential to study Indian strategy to understand the implications to the world as India's fortunes rise.uhttps://www.rand.org/content/dam/rand/pubs/reports/2007/R4207.pdf aMilitary Policy aNational Security aStrategic Aspects of Individual Places aEssays aTANHAM (George K) aBAJPAI (Kanti P) Ed aMATTOO (Amitabh) Ed